[Event "SUI-chT"]
[Site "Switzerland"]
[Date "2014.03.30"]
[Round "2.2"]
[White "Bogner, Sebastian"]
[Black "Sutter, Oliver"]
[Result "1-0"]
[WhiteElo "2590"]
[BlackElo "2336"]
[PlyCount "91"]
[EventDate "2014.03.16"]
[EventType "team-tourn"]
[EventRounds "9"]
[EventCountry "SUI"]
[SourceTitle "EXT 2015"]
[Source "ChessBase"]
[SourceDate "2014.11.20"]
[SourceVersion "1"]
[SourceVersionDate "2014.11.20"]
[SourceQuality "1"]
[WhiteTeam "Reti"]
[BlackTeam "Trubschachen"]
[WhiteTeamCountry "SUI"]
[BlackTeamCountry "SUI"]

1. Nf3 Nf6 2. c4 e6 3. g3 a6 4. Bg2 b5 5. b3 Bb7 6. 0-0 Be7 7. d4 c5 8. dxc5 Bxc5 9. Nc3 bxc4 10. bxc4 0-0 11. Rb1 Ra7 12. Na4 d6 13. Bf4 Ne4 14. Nxc5 dxc5 15. Qxd8 Rxd8 16. Rfd1 Rxd1+ 17. Rxd1 Nc6 18. Ne5 Nd4 19. e3 Nc3 20. Rd2 Nde2+ 21. Kf1 Bxg2+ 22. Kxg2 h6 23. Rd8+ Kh7 24. Nd7 Nxf4+ 25. exf4 h5 26. a3 a5 27. h3 Rb7 28. g4 hxg4 29. hxg4 Ne4 30. Nf8+ Kh6 31. Kf3 f5 32. Nxe6 Rb3+ 33. Kg2 fxg4 34. f5 Kh7 35. Nf8+ Kh6 36. Ne6 Kh7 37. Rd7 Rxa3 38. Rxg7+ Kh8 39. Rxg4 Nd6 40. f6 Rc3 41. Rg7 Rxc4 42. Rd7 Nf5 43. f7 Nh4+ 44. Kg3 Ng6 45. Rd8+ Kh7 46. Rg8 1-0

[Event "SUI-ch 111th"]
[Site "Leukerbad"]
[Date "2011.07.14"]
[Round "8"]
[White "Rindlisbacher, Lars"]
[Black "Sutter, Oliver"]
[Result "0-1"]
[WhiteElo "2245"]
[BlackElo "2361"]
[PlyCount "122"]
[EventDate "2011.07.07"]
[EventType "swiss"]
[EventRounds "9"]
[EventCountry "SUI"]
[SourceTitle "CBM 143 Extra"]
[Source "ChessBase"]
[SourceDate "2011.08.29"]
[SourceVersion "1"]
[SourceVersionDate "2011.08.29"]
[SourceQuality "1"]

1. e4 c6 2. d4 d5 3. Nc3 dxe4 4. Nxe4 Nd7 5. Nf3 Ngf6 6. Ng3 e6 7. Bd3 c5 8. 0-0 cxd4 9. Nxd4 Bc5 10. Be3 0-0 11. c3 Nd5 12. Ne4 Nxe3 13. fxe3 Be7 14. Qh5 g6 15. Qh6 Nc5 16. Nxc5 Bxc5 17. Rf3 e5 18. Nf5 Qf6 19. Raf1 Bxf5 20. Rxf5 Bxe3+ 21. Qxe3 gxf5 22. Rxf5 Qb6 23. Rxe5 Qxe3+ 24. Rxe3 Rae8 25. Rg3+ Kh8 26. Rh3 f5 27. g4 Kg7 28. gxf5 Rd8 29. Kf2 Rd6 30. Re3 Rfd8 31. Ke2 Rh6 32. h3 Rhd6 33. b4 Kf6 34. Rg3 R8d7 35. Kd2 Ra6 36. Kc1 Rxa2 37. Bc2 Ra6 38. Rg8 Rc7 39. Kb2 Rac6 40. Rg3 Rg7 41. Re3 h5 42. Bd1 Rg5 43. Bc2 Rg2 44. Kb3 Rf2 45. Bd3 b6 46. Rg3 Ke5 47. h4 Rd6 48. Re3+ Kf4 49. Re2 Rf3 50. Be4 Rh3 51. Bb7 Rxh4 52. Bc8 Rd8 53. Be6 Kf3 54. Ra2 Rf4 55. Rxa7 Rh8 56. c4 h4 57. c5 bxc5 58. bxc5 h3 59. c6 h2 60. Ra1 Kg4 61. c7 Rh3+ 0-1

[Event "SUI-chT"]
[Site "Switzerland"]
[Date "2009.05.10"]
[Round "4.3"]
[White "Maze, Sebastien"]
[Black "Sutter, Oliver"]
[Result "1/2-1/2"]
[WhiteElo "2578"]
[BlackElo "2381"]
[PlyCount "130"]
[EventDate "2009.02.22"]
[EventType "team-tourn"]
[EventRounds "9"]
[EventCountry "SUI"]
[SourceTitle "EXT 2011"]
[Source "ChessBase"]
[SourceDate "2010.11.26"]
[SourceVersion "1"]
[SourceVersionDate "2010.11.26"]
[SourceQuality "1"]
[WhiteTeam "Geneve"]
[BlackTeam "Winterthur"]
[WhiteTeamCountry "SUI"]
[BlackTeamCountry "SUI"]

1. e4 Nf6 2. e5 Nd5 3. c4 Nb6 4. d4 d6 5. exd6 cxd6 6. Nc3 g6 7. h3 Bg7 8. Nf3 0-0 9. Be2 Nc6 10. 0-0 Bf5 11. Bg5 h6 12. Be3 d5 13. c5 Nc4 14. Bc1 b6 15. b3 N4a5 16. cxb6 axb6 17. Bf4 Be4 18. Nb5 Na7 19. Nxa7 Bxf3 20. Bxf3 Rxa7 21. Rc1 Qd7 22. Be2 g5 23. Be3 Nb7 24. Rc2 Nd6 25. Bd3 Nf5 26. Bxf5 Qxf5 27. f4 Qe4 28. Re2 Rfa8 29. a4 b5 30. fxg5 hxg5 31. Bf2 Qg6 32. Ra2 bxa4 33. bxa4 g4 34. hxg4 Qc6 35. Qb3 Rxa4 36. Rxa4 Rxa4 37. Qb8+ Kh7 38. Be3 Qe6 39. Rf3 Ra3 40. Rh3+ Kg6 41. Qf4 Ra1+ 42. Kh2 Qd6 43. Qxd6+ exd6 44. Rh5 Ra5 45. Rf5 Rb5 46. Kg3 Rb3 47. Kf2 Rb2+ 48. Kf3 Rb5 49. Kf4 Ra5 50. g5 Rb5 51. g4 Ra5 52. Kf3 Rb5 53. Ke2 Ra5 54. Kd3 Ra3+ 55. Kd2 Ra2+ 56. Kd1 Ra3 57. Ke2 Ra2+ 58. Kf3 Ra5 59. Rf4 Ra2 60. Bc1 Ra1 61. Be3 Ra2 62. Rf5 Ra5 63. Ke2 Ra2+ 64. Kf3 Ra5 65. Ke2 Ra2+ 1/2-1/2

[Event "SUI-chT"]
[Site "Switzerland"]
[Date "2008.09.07"]
[Round "7.5"]
[White "Sutter, Oliver"]
[Black "Riff, Jean Noel"]
[Result "1/2-1/2"]
[WhiteElo "2374"]
[BlackElo "2422"]
[PlyCount "54"]
[EventDate "2008.03.02"]
[EventType "team-tourn"]
[EventRounds "9"]
[EventCountry "SUI"]
[SourceTitle "EXT 2009"]
[Source "ChessBase"]
[SourceDate "2008.11.26"]
[SourceVersion "1"]
[SourceVersionDate "2008.11.26"]
[SourceQuality "1"]
[WhiteTeam "Winterthur"]
[BlackTeam "Reichenstein"]
[WhiteTeamCountry "SUI"]
[BlackTeamCountry "SUI"]

1. d4 Nf6 2. c4 e6 3. Nf3 Nc6 4. e3 Bb4+ 5. Bd2 Qe7 6. Nc3 0-0 7. Qc2 d6 8. a3 Bxc3 9. Bxc3 e5 10. d5 Nb8 11. Bd3 a5 12. Nd2 c6 13. dxc6 Nxc6 14. 0-0 a4 15. f4 Re8 16. Ne4 Ng4 17. Bd2 exf4 18. exf4 Nd4 19. Qc3 Qh4 20. h3 Rxe4 21. hxg4 Bxg4 22. Rae1 Rxe1 23. Bxe1 Qf6 24. Bf2 Ne2+ 25. Bxe2 Qxc3 26. bxc3 Bxe2 27. Rb1 Bxc4 1/2-1/2